| 000 | 00672nam a22002057a 4500 | ||
|---|---|---|---|
| 003 | OSt | ||
| 005 | 20150414172327.0 | ||
| 008 | 150108s2014 spc|||| |||| 0|0 0 spa|d | ||
| 017 |
_aDL B 24212-2014 _bBiblioteca de Catalunya |
||
| 020 | _a9788421006795 | ||
| 040 |
_bcat _cCDMR |
||
| 100 | 1 |
_aCaparrós Lera, José María, _d1943- |
|
| 245 | 1 | 0 |
_aCinema, historia, religión _cJ.M. Caparrós Lera, Ferran Blasi Birbe ; prólogo de Peio Sánchez |
| 260 |
_aBarcelona _bBalmes _c2014 |
||
| 300 |
_a170 p. _bil. _c14 cm |
||
| 650 | 7 |
_aCinema històric _2lemac |
|
| 650 | 7 |
_aReligió en la cinematografia _2lemac |
|
| 700 | 1 |
_aBlasi i Birbe, Ferran _d1929- _9108 |
|
| 942 | _cMON | ||
| 999 |
_c6790 _d6790 |
||